[Event "IND-ch (Women) 38th"]
[Site "Chennai"]
[Date "2011.11.08"]
[Round "10"]
[White "Harini, S."]
[Black "Mahalakshmi, Muganda Kumar"]
[Result "1-0"]
[WhiteElo "2055"]
[BlackElo "1954"]
[PlyCount "135"]
[EventDate "2011.10.29"]
[EventType "swiss"]
[EventRounds "11"]
[EventCountry "IND"]
[SourceTitle "EXT 2012"]
[Source "ChessBase"]
[SourceDate "2011.11.24"]
[SourceVersion "1"]
[SourceVersionDate "2011.11.24"]
[SourceQuality "1"]

1. e4 c6 2. d4 d5 3. exd5 cxd5 4. c4 Nf6 5. Nc3 Nc6 6. Bg5 Be6 7. Nf3 Ne4 8. c5 Bg4 9. Be3 e6 10. Qb3 Qc7 11. Bb5 Nxc3 12. bxc3 Bxf3 13. gxf3 Be7 14. Rg1 0-0 15. Rg3 Rfc8 16. Kf1 b6 17. cxb6 axb6 18. Bd3 Na5 19. Qc2 Qxc3 20. Bxh7+ Kf8 21. Qd1 Bf6 22. f4 Nb3 23. Rb1 Nxd4 24. Bd2 Qc4+ 25. Bd3 Qxa2 26. Rxb6 Rcb8 27. Bb4+ Ke8 28. Rxb8+ Rxb8 29. Bc3 Ke7 30. f5 Rb3 31. Qc1 Rb7 32. Bb4+ Kd8 33. Qc5 Qa1+ 34. Kg2 Be7 35. Ba5+ Kd7 36. fxe6+ fxe6 37. Rxg7 Nc6 38. Rxe7+ Nxe7 39. Bb5+ Rxb5 40. Qxb5+ Kd6 41. Qb8+ Kc5 42. Bb4+ Kc4 43. Qf4+ d4 44. Bxe7 Qa8+ 45. Qf3 Qg8+ 46. Kf1 e5 47. Ke2 Qg6 48. Kd2 Qh6+ 49. Kd1 Qb6 50. Ba3 Qb1+ 51. Bc1 e4 52. Qe2+ Kd5 53. Qc2 Qb5 54. Ke1 Qb6 55. Bd2 Qa6 56. Qb3+ Ke5 57. Qb8+ Kd5 58. Qg8+ Kc5 59. Qf8+ Kc4 60. Qb4+ Kd5 61. Qa5+ Qxa5 62. Bxa5 Ke5 63. Ke2 Kf4 64. Bc7+ Kg4 65. Be5 d3+ 66. Ke3 Kh3 67. Bf4 Kg4 68. Kxe4 1-0

[Event "IND-ch (Women) 38th"]
[Site "Chennai"]
[Date "2011.11.05"]
[Round "7"]
[White "Kiran, Manisha Mohanty"]
[Black "Harini, S."]
[Result "1-0"]
[WhiteElo "2213"]
[BlackElo "2055"]
[PlyCount "109"]
[EventDate "2011.10.29"]
[EventType "swiss"]
[EventRounds "11"]
[EventCountry "IND"]
[SourceTitle "EXT 2012"]
[Source "ChessBase"]
[SourceDate "2011.11.24"]
[SourceVersion "1"]
[SourceVersionDate "2011.11.24"]
[SourceQuality "1"]

1. e4 c5 2. c3 d5 3. exd5 Qxd5 4. d4 Nf6 5. Nf3 e6 6. Na3 cxd4 7. Nb5 Na6 8. Qxd4 Bc5 9. Qxd5 Nxd5 10. Be2 0-0 11. 0-0 Bd7 12. Ne5 Rad8 13. Nxd7 Rxd7 14. a3 Ndc7 15. Bf4 Rfd8 16. Nxc7 Nxc7 17. Rad1 Rxd1 18. Rxd1 Rxd1+ 19. Bxd1 Nd5 20. Bd2 b6 21. b4 Bd6 22. c4 Ne7 23. Bc2 f5 24. f4 Kf7 25. Be3 e5 26. fxe5 Bxe5 27. c5 Bc7 28. Kf2 g6 29. Bb3+ Kf6 30. Bd4+ Be5 31. Ke3 Nc6 32. Bxe5+ Kxe5 33. Ba4 Ne7 34. cxb6 Nd5+ 35. Kd3 axb6 36. Bc6 Nc7 37. a4 Kd6 38. Bb7 Ne6 39. Kc4 h5 40. Bd5 Nf4 41. Bf3 h4 42. a5 bxa5 43. bxa5 Kc7 44. Kb5 Kb8 45. Kb6 Ne6 46. a6 Nc7 47. a7+ Kc8 48. Kc6 Kd8 49. Bd5 Na8 50. Kd6 Nc7 51. a8Q+ Nxa8 52. Bxa8 h3 53. g3 g5 54. Ke5 f4 55. g4 1-0

[Event "IND-ch (Women) 38th"]
[Site "Chennai"]
[Date "2011.11.01"]
[Round "4"]
[White "Harini, S."]
[Black "Karavade, Eesha"]
[Result "1-0"]
[WhiteElo "2055"]
[BlackElo "2348"]
[PlyCount "57"]
[EventDate "2011.10.29"]
[EventType "swiss"]
[EventRounds "11"]
[EventCountry "IND"]
[SourceTitle "EXT 2012"]
[Source "ChessBase"]
[SourceDate "2011.11.24"]
[SourceVersion "1"]
[SourceVersionDate "2011.11.24"]
[SourceQuality "1"]

1. e4 e5 2. Nf3 Nc6 3. Nc3 Nf6 4. Bb5 Bc5 5. 0-0 d6 6. d4 exd4 7. Nxd4 Bd7 8. Bxc6 bxc6 9. Bg5 h6 10. Bh4 0-0 11. Nb3 Bb6 12. e5 dxe5 13. Bxf6 gxf6 14. Qh5 Kg7 15. Rad1 Qe7 16. Ne4 Be6 17. Rd3 Rh8 18. Rg3+ Kf8 19. Qh4 f5 20. Nf6 Qd8 21. Rd3 Qe7 22. Rfd1 f4 23. Nh7+ Ke8 24. Qxh6 Rxh7 25. Qxh7 Qf8 26. Qh4 f6 27. Qh5+ Bf7 28. Qg4 Qh6 29. Rh3 1-0

[Event "IND-chB (Women) 38th"]
[Site "Chennai"]
[Date "2011.07.09"]
[Round "10"]
[White "Harini, S."]
[Black "Michelle, Catherina P"]
[Result "1/2-1/2"]
[WhiteElo "2022"]
[BlackElo "2052"]
[PlyCount "76"]
[EventDate "2011.07.02"]
[EventType "swiss"]
[EventRounds "11"]
[EventCountry "IND"]
[SourceTitle "CBM 143 Extra"]
[Source "ChessBase"]
[SourceDate "2011.08.29"]
[SourceVersion "1"]
[SourceVersionDate "2011.08.29"]
[SourceQuality "1"]

1. e4 e5 2. Nf3 Nc6 3. Bb5 Nge7 4. 0-0 g6 5. c3 a6 6. Ba4 Bg7 7. Re1 0-0 8. d4 b5 9. Bb3 exd4 10. Nxd4 Na5 11. Bc2 d6 12. Bg5 h6 13. Bh4 c5 14. Nf3 Be6 15. e5 d5 16. b4 cxb4 17. cxb4 Nac6 18. Qd2 g5 19. Bg3 Rc8 20. a4 Nxb4 21. Qxb4 Rxc2 22. axb5 Rc4 23. Qb3 axb5 24. Na3 Re4 25. Qxb5 Rxe1+ 26. Rxe1 Nf5 27. Nc2 Qc7 28. Qd3 Rc8 29. Ncd4 Nxd4 30. Nxd4 Qc3 31. Qxc3 Rxc3 32. Rd1 Rc4 33. f4 Bf8 34. fxg5 Rxd4 35. Rxd4 Bc5 36. Bf2 Bxd4 37. Bxd4 hxg5 38. Kf2 Kh7 1/2-1/2